Loading...
| Fine Arts - Classical Music | 9 | 20.00 | 100% | 89% | 11% |
| Fine Arts - Other Fine Arts | 5 | 18.00 | 100% | 40% | 40% |
| Fine Arts - Visual Fine Arts | 8 | 20.00 | 88% | 63% | 50% |
| Geography/Current Events | 1 | 10.00 | 100% | 0% | 0% |
| History - American History | 7 | 18.57 | 86% | 86% | 14% |
| History - European History | 6 | 13.33 | 100% | 17% | 17% |
| History - Other History | 8 | 16.25 | 100% | 38% | 25% |
| History - World History | 6 | 21.67 | 100% | 83% | 33% |
| Literature - American Literature | 4 | 25.00 | 75% | 75% | 100% |
| Literature - British Literature | 7 | 22.86 | 86% | 86% | 57% |
| Literature - European Literature | 7 | 27.14 | 100% | 100% | 71% |
| Literature - World/Other Literature | 8 | 27.50 | 100% | 100% | 75% |
| Mythology | 9 | 20.00 | 100% | 67% | 33% |
| Other Academic | 3 | 23.33 | 100% | 100% | 33% |
| Philosophy | 4 | 12.50 | 100% | 25% | 0% |
| Pop Culture | 4 | 17.50 | 100% | 50% | 25% |
| Religion | 7 | 17.14 | 100% | 57% | 14% |
| Science - Biology | 10 | 15.00 | 80% | 50% | 20% |
| Science - Chemistry | 8 | 21.25 | 75% | 100% | 38% |
| Science - Other Science | 9 | 15.56 | 100% | 33% | 22% |
| Science - Physics | 9 | 20.00 | 89% | 78% | 33% |
| Social Science | 8 | 16.25 | 88% | 50% | 25% |
| World/Other Literature> | 1 | 20.00 | 100% | 100% | 0% |